| Tag |
First Indicator |
Second Indicator |
Subfields |
| LEADER |
00000cam a2200000 i 4500 |
| 001 |
in00000054145 |
| 005 |
20151008051428.0 |
| 008 |
780306s1917 nyu b 00010 eng d |
| 010 |
|
|
|a 17011357
|
| 035 |
|
|
|a (OCoLC)03689444
|
| 035 |
|
|
|9 AAG7834AM
|
| 040 |
|
|
|a LMC
|c LMC
|d TXA
|d UtOrBLW
|
| 049 |
|
|
|a TXAM
|c [14831]
|
| 050 |
|
0 |
|a JX1428.G7
|b B5 1917
|
| 092 |
|
|
|a 341.2
|b B592b
|
| 100 |
1 |
|
|a Bigelow, John,
|d 1854-1936.
|
| 245 |
1 |
0 |
|a Breaches of Anglo-American treaties :
|b a study in history and diplomacy /
|c by John Bigelow ... with three maps.
|
| 264 |
|
1 |
|a New York :
|b Sturgis & Walton,
|c 1917.
|
| 300 |
|
|
|a xi, 248 pages :
|b 3 folded, maps ;
|c 20cm
|
| 336 |
|
|
|a text
|b txt
|2 rdacontent
|
| 337 |
|
|
|a unmediated
|b n
|2 rdamedia
|
| 338 |
|
|
|a volume
|b nc
|2 rdacarrier
|
| 500 |
|
|
|a Clayton-Bulwer treaty: pages 37-165.
|
| 504 |
|
|
|a Bibliography: pages 231-236.
|
| 630 |
0 |
0 |
|a Clayton-Bulwer treaty, 1850.
|
| 651 |
|
0 |
|a United States
|x Foreign relations
|v Treaties.
|
| 651 |
|
0 |
|a United States
|x Foreign relations
|z Great Britain.
|
| 651 |
|
0 |
|a Great Britain
|x Foreign relations
|z United States.
|
| 999 |
|
|
|a MARS
|
| 999 |
f |
f |
|s 37b2e204-3bae-3a1e-86f0-13c0a18adb1a
|i 5fdcaf41-a6da-3543-8300-4a4620e59b30
|t 0
|
| 952 |
f |
f |
|p ric
|a Texas A&M University
|b Rellis Campus
|c Joint Library Facility
|d Remote Storage
|t 0
|e JX1428.G7 B5 1917
|h Library of Congress classification
|i unmediated -- volume
|m A14800783710
|
| 998 |
f |
f |
|a JX1428.G7 B5 1917
|t 0
|l Remote Storage
|